| 000 | 00745nam a2200241 a 4500 | ||
|---|---|---|---|
| 001 | 72656 | ||
| 003 | BD-RjUL | ||
| 005 | 20211209082308.0 | ||
| 008 | 170522s enka 001 0 eng d | ||
| 020 | _a0226115860 | ||
| 035 | _a(BD-RjUL) 72874 | ||
| 040 |
_aBD-RjUL _beng _cBD-RjUL _dBD-RjUL |
||
| 041 | _aeng | ||
| 082 |
_223 _a580 _bCOL 1964 |
||
| 100 | 1 |
_aCorner, E. J. H. _q(Edred John Henry) _9214912 |
|
| 245 | 1 | 4 |
_aThe Life of Plants / _cE.J.H. Corner |
| 260 |
_aNew York : _bThe world pub. com., _cc1964.[1966] |
||
| 300 |
_axi, 314 p. ; _bill. ; _c23 cm |
||
| 500 | _aBibliography: p297-303. - Includes index | ||
| 500 | _aOriginally published: Cleveland : World Publishing Co., 1964 | ||
| 650 | 0 |
_aBotany _9214913 |
|
| 942 |
_2ddc _cBK |
||
| 999 |
_c72656 _d72656 |
||